MARC

LEADER 00000nam0a2200000 4500
001 365637
005 20231102011814.0
035 |a (RuTPU)RU\TPU\retro\23000 
090 |a 365637 
100 |a 20220114d1980 km y0rusy50 ca 
101 0 |a rus 
102 |a RU 
105 |a a z 001zy 
200 1 |a Исследования морских гидротехнических сооружений для осноения шельфа  |e межвузовский сборник  |f Ленинградский политехнический институт им. М. И. Калинина ; под ред. Г. В. Симакова 
210 |a Ленинград  |c Изд-во ЛПИ  |d 1980 
215 |a 126 с.  |c ил. 
320 |a Библиогр. в конце ст. 
606 1 |a Гидротехнические сооружения морские  |x Расчет  |2 stltpush  |3 (RuTPU)RU\TPU\subj\6958  |9 34715 
606 1 |a Шельфы  |x (гидротехнические сооружения)  |2 stltpush  |3 (RuTPU)RU\TPU\subj\19142  |9 44445 
610 1 |a освоение 
610 1 |a исследование 
610 1 |a волны 
610 1 |a удары 
610 1 |a ледовые поля 
610 1 |a гидродинамика 
610 1 |a плавучие сооружения 
675 |a 627.2  |v 4 
675 |a 627.8.05  |v 4 
702 1 |a Симаков  |b Г. В.  |4 340 
712 0 2 |a Ленинградский политехнический институт им. М. И. Калинина  |c (1924-1930, 1940-1990)  |2 stltpush  |3 (RuTPU)RU\TPU\col\2601  |9 23711 
801 1 |a RU  |b 63413507  |c 20220114 
942 |c BK